Εικονική πραγματικότητα και τουρισμός : μεταπτυχιακή εργασία

Αποθηκεύτηκε σε:
Λεπτομέρειες βιβλιογραφικής εγγραφής
Κύριος συγγραφέας: Σπέρτου, Αναστασία
Συγγραφή απο Οργανισμό/Αρχή: Πανεπιστήμιο Αιγαίου Σχολή Επιστημών της Διοίκησης Τμήμα Διοίκησης Επιχειρήσεων Πρόγραμμα Μεταπτυχιακών Σπουδών "Σχεδιασμός, Διοίκηση και Πολιτική του Τουρισμού"
Άλλοι συγγραφείς: Τσάρτας, Πάρις, 1956- (Εισηγητής διατριβής)
Μορφή: Thesis Βιβλίο
Γλώσσα:Greek
Δημοσίευση: 2005
Θέματα:
Διαθέσιμο Online:http://hdl.handle.net/11610/11433
Ετικέτες: Προσθήκη ετικέτας
Δεν υπάρχουν, Καταχωρήστε ετικέτα πρώτοι!

MARC

LEADER 00000cam a2200000 i 4500
001 1/81982
008 050721s2005 gre d
035 |l 10079407 
040 |a GR-MY-UA  |b gre  |e aacr 
041 0 |a gre 
082 0 |a 338.4791  |2 (22) 
100 1 |a Σπέρτου, Αναστασία. 
245 1 0 |a Εικονική πραγματικότητα και τουρισμός :  |b μεταπτυχιακή εργασία /  |c Σπέρτου Αναστασία ; επιβλέπων καθηγητής Τσάρτας Πάρις 
260 |c 2005 
300 |a 79 σ.;  |b εγχρ. εικ.;  |c 30 εκ. 
502 # # |a Διατριβή (μεταπτυχιακή) – Πανεπιστήμιο Αιγαίου, Χίος, 2005. 
504 |a Περιλαμβάνει βιβλιογραφία 
610 2 0 |a Πανεπιστήμιο Αιγαίου. 
650 0 0 |a Virtual reality. 
650 0 0 |a Tourism. 
650 0 0 |a Heritage tourism. 
650 0 0 |a Dissertations, Academic  |z Greece. 
700 1 |a Τσάρτας, Πάρις,   |d 1956-  |4 ths 
710 2 |a Πανεπιστήμιο Αιγαίου  |b Σχολή Επιστημών της Διοίκησης  |b Τμήμα Διοίκησης Επιχειρήσεων  |b Πρόγραμμα Μεταπτυχιακών Σπουδών "Σχεδιασμός, Διοίκηση και Πολιτική του Τουρισμού". 
852 |a INST  |b CHIOS  |c DIATR  |e 20050721  |h 338.4791 ΣΠΕ  |p 005200024851  |q 005200024851  |t MTXE  |y 23 
852 |a INST  |b CHIOS  |c DIATR  |e 20050721  |h 338.4791 ΣΠΕ  |p 005200024852  |q 005200024852  |t MTXE  |y 23 
856 |u http://hdl.handle.net/11610/11433 
901 |a BIBL2-2005-2 
909 |a Χ  |b 119460 
909 |a Χ  |b 119461 
924 |a ΣΠΕΡΤΟΥ  |b ΑΝΑΣΤΑΣΙΑ  |y ΧΙΟΣ  |z 2005-06 
970 |a ΒΑΣΙΛΑΚΗ  |b ΝΙΚΗ  |z 2005/07/21